Sports Quiz

Random Sports or NHL Quiz

NHL Top 10 Defensemen Per Season Quiz Stats

Quiz Updated Apr 20, 2014

Challenge
Share
Tweet
Embed
Score 0/180 Timer 10:00
5 Plays Today
Season Player % Correct
1997-98Nicklas Lidstrom
90.5%
1998-99Nicklas Lidstrom
90.5%
1999-2000Nicklas Lidstrom
90.5%
2000-01Nicklas Lidstrom
90.5%
2001-02Nicklas Lidstrom
90.5%
2002-03Nicklas Lidstrom
90.5%
2005-06Nicklas Lidstrom
90.5%
2006-07Nicklas Lidstrom
90.5%
2007-08Nicklas Lidstrom
90.5%
2008-09Nicklas Lidstrom
90.5%
2009-10Nicklas Lidstrom
90.5%
2010-11Nicklas Lidstrom
90.5%
2013-14P.K. Subban
86.6%
2014-15P.K. Subban
86.2%
2015-16Erik Karlsson
85.2%
2013-14Erik Karlsson
84.9%
2014-15Erik Karlsson
84.7%
2012-13P.K. Subban
83.6%
2013-14Shea Weber
83.5%
2013-14Duncan Keith
82.8%
1999-2000Chris Pronger
82.3%
2001-02Chris Pronger
82.3%
2003-04Chris Pronger
82.3%
2005-06Chris Pronger
82.3%
2006-07Chris Pronger
82.3%
2009-10Chris Pronger
82.3%
2015-16Kris Letang
80.6%
2015-16Brent Burns
80.2%
2014-15Kris Letang
79.8%
2008-09Shea Weber
79.3%
2010-11Shea Weber
79.3%
2011-12Shea Weber
79.3%
2012-13Shea Weber
79.3%
2011-12Erik Karlsson
78.9%
2007-08Zdeno Chara
78.6%
2011-12Zdeno Chara
78.6%
2015-16Drew Doughty
78.4%
2008-09Mike Green
77.5%
2007-08Mike Green
77.5%
2009-10Mike Green
77.5%
2010-11Kris Letang
77.3%
2012-13Kris Letang
77.3%
2009-10Duncan Keith
76.4%
2014-15Brent Burns
75.2%
1997-98Scott Niedermayer
75.1%
2003-04Scott Niedermayer
75.1%
2005-06Scott Niedermayer
75.1%
2006-07Scott Niedermayer
75.1%
2008-09Scott Niedermayer
75.1%
2015-16Ryan Suter
74.5%
2012-13Ryan Suter
74.2%
1997-98Brian Leetch
71.1%
1998-99Brian Leetch
71.1%
2000-01Brian Leetch
71.1%
2001-02Brian leetch
71.1%
2003-04Brian Leetch
71.1%
2013-14Dustin Byfuglien
70.4%
2015-16Dustin Byfuglien
70%
2013-14Keith Yandle
69.4%
2014-15Keith Yandle
69.1%
Season Player % Correct
1997-98Al Macinnis
68.8%
1998-99Al Macinnis
68.8%
2000-01Al Macinnis
68.8%
2001-02Al Macinnis
68.8%
2002-03Al Macinnis
68.8%
1998-99Ray Bourque
67.9%
1999-2000Ray Bourque
67.9%
2000-01Ray Bourque
67.9%
2015-16Oliver Ekman-Larsson
66.7%
1997-98Rob Blake
66%
1999-2000Rob Blake
66%
2000-01Rob Blake
66%
2001-02Rob Blake
66%
2003-04Rob Blake
66%
2009-10Drew Doughty
65.6%
2007-08Dion Phaneuf
65.2%
2012-13Dion Phaneuf
65.2%
2015-16Roman Josi
65.2%
2011-12Dustin Byfuglien
64.9%
2010-11Dustin Byfuglien
64.9%
2015-16Mark Giordano
63.6%
2007-08Andrei Markov
63.6%
2008-09Andrei Markov
63.6%
2012-13Andrei Markov
63.6%
2010-11Keith Yandle
63.1%
2012-13Keith Yandle
63.1%
2002-03Dan Boyle
62.7%
2005-06Dan Boyle
62.7%
2006-07Dan Boyle
62.7%
2008-09Dan Boyle
62.7%
2009-10Dan Boyle
62.7%
2010-11Dan Boyle
62.7%
2011-12Dan Boyle
62.7%
2014-15Roman Josi
61.7%
1999-2000Sergei Gonchar
61.7%
2000-01Sergei Gonchar
61.7%
2001-02Sergei Gonchar
61.7%
2002-03Sergei Gonchar
61.7%
2003-04Sergei Gonchar
61.7%
2005-06Sergei Gonchar
61.7%
2006-07Sergei Gonchar
61.7%
2007-08Sergei Gonchar
61.7%
2009-10Sergei Gonchar
61.7%
2013-14Victor Hedman
60.2%
1997-98Sergei Zubov
59.5%
1998-99Sergei Zubov
59.5%
2000-01Sergei Zubov
59.5%
2002-03Sergei Zubov
59.5%
2005-06Sergei Zubov
59.5%
2013-14Niklas Kronwall
59%
2013-14Alex Pietrangelo
58.4%
2012-13Niklas Kronwall
55.2%
2007-08Mark Streit
54.3%
2008-09Mark Streit
54.3%
2009-10Mark Streit
54.3%
2011-12Mark Streit
54.3%
2007-08Brian Campbell
53.7%
2008-09Brian Campbell
53.7%
2011-12Brian Campbell
53.7%
2014-15John Carlson
52.2%
Season Player % Correct
2011-12Alex Pietrangelo
51.9%
2014-15Mark Streit
51.7%
2006-07Tomas Kaberle
51.1%
2009-10Tomas Kaberle
51.1%
2002-03Tomas Kaberle
51.1%
2005-06Tomas Kaberle
51.1%
2007-08Tomas Kaberle
51.1%
2015-16John Klingberg
50.7%
2007-08Brian Rafalski
50.1%
2000-01Brian Rafalski
50.1%
2001-02Brian Rafalski
50.1%
2008-09Brian Rafalski
50.1%
2012-13Kimmo Timonen
43.4%
2011-12Alexander Edler
41.9%
2014-15Tyson Barrie
41.6%
2003-04Bryan McCabe
40.3%
2005-06Bryan McCabe
40.3%
2006-07Bryan McCabe
40.3%
2001-02Ed Jovanovski
38.2%
2002-03Ed Jovanovski
38.2%
2014-15Dennis Wideman
37.9%
2005-06Lubomir Visnovsky
37.3%
2006-07Lubomir Visnovsky
37.3%
2010-11Lubomir Visnovsky
37.3%
2009-10Tobias Enstrom
35.2%
2010-11Tobias Enstrom
35.2%
2006-07Sheldon Souray
34.9%
2008-09Sheldon Souray
34.9%
1997-98Larry Murphy
34.3%
1998-99Larry Murphy
34.3%
1997-98Sandis Ozolinsh
33.1%
1999-2000Sandis Ozolinsh
33.1%
2001-02Sandis Ozolinsh
33.1%
2013-14James Wisniewski
31.9%
1998-99Eric Desjardins
29.5%
1999-2000Eric Desjardins
29.5%
1998-99Phil Housley
29.3%
1999-2000Phil Housley
29.3%
2012-13Cody Franson
27.6%
2000-01Mathieu Schneider
27%
2002-03Mathieu Schneider
27%
2003-04Mathieu Schneider
27%
2005-06Mathieu Schneider
27%
1997-98Teppo Numminen
26.4%
2001-02Teppo Numminen
26.4%
2011-12Dennis Wideman
25.6%
2010-11Christian Ehrhoff
25.3%
2010-11James Wisniewski
25%
1999-2000Oleg Tverdovsky
20.1%
2000-01Oleg Tverdovsky
20.1%
2006-07Ryan Whitney
20%
2003-04Marek Zidlicky
17%
1997-98Steve Duchesne
16.5%
2003-04Dick Tarnstrom
13%
2003-04Bryan Berard
12.2%
2002-03Derek Morris
12%
1998-99Fredrik Olausson
11.2%
1999-2000Robert Svehla
10.5%
2002-03Tom Poti
9.9%
1998-99Boris Mironov
9.5%

You're not logged in!

Compare scores with friends on all Sporcle quizzes.
Join for Free
OR
Log In

You Might Also Like...

Show Comments

Extras

Top Quizzes Today


Score Distribution

Your Account Isn't Verified!

In order to create a playlist on Sporcle, you need to verify the email address you used during registration. Go to your Sporcle Settings to finish the process.

Report this User

Report this user for behavior that violates our Community Guidelines.

Details: